[Event "Norway Chess 7th"]
[Site "Stavanger"]
[Date "2019.06.04"]
[Round "1"]
[White "Mamedyarov, Shakhriyar"]
[Black "Caruana, Fabiano"]
[Result "1/2-1/2"]
[WhiteElo "2774"]
[BlackElo "2819"]
[Annotator "Lupulescu,C"]
[PlyCount "63"]
[EventDate "2019.06.04"]
[EventType "tourn"]
[EventRounds "9"]
[EventCountry "NOR"]
[EventCategory "22"]
[SourceTitle "CBM 191"]
[Source "ChessBase"]
[SourceDate "2019.08.31"]
[SourceVersion "1"]
[SourceVersionDate "2019.08.31"]
[SourceQuality "1"]

1. c4 e5 2. Nc3 Nf6 3. Nf3 Nc6 4. e3 d5 (4... Bb4 {is a much more common
choice.}) 5. cxd5 Nxd5 6. Bb5 {The most logical, to put some pressure on e5.}
Nxc3 7. bxc3 Bd6 8. d4 Bd7 (8... O-O 9. O-O {was probably White's intention
anyway.} (9. Bxc6 bxc6 10. dxe5 Bc5 11. O-O Ba6 12. Re1 Qxd1 13. Rxd1 Rfd8 {
probably gives enough compensation due to Black's control on the light squares.
However, Black would prefer not to have his queenside structure ruined.})) 9.
O-O (9. Bxc6 Bxc6 10. dxe5 Bxf3 11. Qxf3 Bxe5 12. O-O O-O 13. Ba3 c5 14. Bxc5
Bxh2+ {is just equal.}) 9... O-O 10. Nd2 {Avoiding in advance e4 ideas.} (10.
Bxc6 Bxc6 11. dxe5 Be7 {gives full compensation for the pawn.}) (10. Bb2 e4 11.
Nd2 Qg5 $40 {would just play into Black's hands.}) 10... Na5 11. Bd3 $1 {
White rightfully decides to keep the light squared bishops on the board} (11.
Bxd7 Qxd7 {would complete Black's development while at the same time giving
him easy play.}) 11... f5 12. e4 ({The other central reaction was not that
promising:} 12. dxe5 Bxe5 13. Ba3 c5 (13... Re8 14. Nf3 $1 Bxc3 15. Rc1 Bf6 16.
Qc2 {gives White something to play for.}) 14. Bxc5 Bxh2+ $1 $13 {Again this
tactical resource allows Black a comfortable position.}) 12... f4 {A logical
continuation.} (12... Kh8 13. Nf3 fxe4 14. Bxe4 exd4 15. cxd4 {Although the
engine is unimpressed, it seems like the black king could be in some danger.})
13. Nf3 Bg4 {Principled but it involves some strategic risk.} (13... Qe7 {
was a more solid option as White cannot advantageously take on e5:} 14. Bb2 (
14. dxe5 Bxe5 15. Nxe5 Qxe5 {Black has easier play as White is lacking in
development and also his dark-squared bishop is a nuisance.}) 14... Rad8 $13)
14. Be2 {Getting rid of the annoying pin.} Bxf3 (14... c6 {The engine finds
some cool moves like this one pretending that nothing is wrong but a human
would (quite rightfully) prefer to resolve the tension in the centre.}) 15.
Bxf3 {White now has the bishop pair but it is not that simple to make progress
as the position is not easy to open.} b6 {Black could postpone this move and
play for example the more natural Qe7 first but a transposition was very
likely to happen anyway.} (15... Qe7 {was more natural.}) 16. Qe2 {White
continues with the development} (16. g3 g5 17. Bg4 Qe7 18. Qe2 Kh8 {is very
much recommended by the engine but it's not that clear what was White's big
achievement.}) 16... Qe7 17. Rd1 Rad8 18. Bd2 {Both sides finished developing
and we got to a rather complex position where White's play feels nevertheless
easier.} g6 $1 {Quite logical to take back some control on the light squares.}
19. Be1 Kg7 20. Rac1 h5 {To have some attacking chances on the kingside Black
would need to get g4 into play but it's not likely to happen anytime soon.
However, White's Bf3 is quite stuck on this prophilactic role reducing White's
chances for an advantage to a minimum.} 21. h3 c5 22. Kf1 Nc6 {Playing for a
blockade.} (22... c4 $5 {Similar to some Grunfeld positions, c4 was entirely
playable. Black gets some queenside play and also has the c5 square for the
knight in case White plays either dxe5 or d5.}) 23. Qb5 (23. d5 {Even though
the engine strongly advocates this move, it will be almost impossible to break
through.} Na5 (23... Nb8) 24. c4 Bc7 (24... Nb7 25. a4) 25. Rb1 Rb8 26. Qc2 (
26. Bxa5 bxa5 27. Rb5 Qd6 28. Qc2 Rxb5 29. cxb5 Bb6 {I hardly see any progress
for White soon.}) 26... Nb7 27. a4 a5 28. Bc3 Nd6 {is also likely to be a
fortress. However, probably it was preferable to the game as at least here
White can try something.}) 23... Rc8 24. dxc5 {Opens the position but now the
black B will find a really comfortable place on c5.} (24. d5 Nb8 25. a4 (25. c4
Nd7 26. a4 a5 {again getting to a blockade.}) 25... c4 $13) 24... Bxc5 25. Rd5
Rfd8 26. Rcd1 Rd6 {Preparing a general rook swap.} 27. R1d3 (27. Be2 Na5 $1 {
Black doesn't allow the light squared bishop to become (potentially) dangerous.
}) 27... Rcd8 28. Rxd6 Rxd6 29. Bd1 Rxd3 30. Qxd3 Na5 31. Qd5 Qd6 32. Qxd6 {
White always looked slightly more pleasant but Caruana managed to keep the
balance seemingly without big difficulties.} 1/2-1/2

[Event "EU-ch 12th"]
[Site "Aix les Bains"]
[Date "2011.04.01"]
[Round "10"]
[White "Caruana, Fabiano"]
[Black "Michalik, Peter"]
[Result "1/2-1/2"]
[WhiteElo "2716"]
[BlackElo "2471"]
[Annotator "Marchand,A/Primel,D"]
[PlyCount "89"]
[EventDate "2011.03.22"]
[EventType "swiss"]
[EventRounds "11"]
[EventCountry "FRA"]
[SourceTitle "CBM 142 Extra"]
[Source "ChessBase"]
[SourceDate "2011.06.27"]
[SourceVersion "1"]
[SourceVersionDate "2011.06.27"]
[SourceQuality "1"]

1. c4 {L'italien n'était pas en forme dans le tournoi et dans cette partie, il
ne va pas réussir а transformer son avantage positionnel.} e5 2. Nc3 Nf6 3. Nf3
Nc6 {La grande variante des 04 N} 4. a3 $5 {Une ligne tranquille pour éviter
le système Bb4} (4. g3 Bb4 {Wyss,J (2292)-Michalik,P (2505) Universiad Men
26th 2011 (4) 0-1}) (4. d4) 4... g6 (4... d5 {Transpose sur une sicilienne
ouverte avec couleurs inversées où l'utilité du temps de plus est trés
controversée. BOTVINNIK condamnait notamment cette ligne avec les Noirs mais
la théorie moderne a relativisé l'intérêt du temps supplémentaire qui donne
notamment de l'information а l'adversaire pour s'y adapter.}) 5. g3 (5. d4 exd4
6. Nxd4 Bg7 7. Bg5 h6 8. Bh4 O-O 9. e3 Re8 10. Be2 Nxd4 {Kortschnoj,V (2635)
-Salov,V (2665) St Petersburg 1997 (2) 1/2} (10... d5 $5 {KORTCHNOI})) 5... Bg7
6. Bg2 O-O 7. d3 (7. O-O) 7... Re8 (7... d6 {Plus courant} 8. Bg5 h6 9. Bxf6
Bxf6 10. O-O Be6 11. b4 Ne7 12. Rc1 c6 13. b5 d5 14. Nd2 Bg7 15. bxc6 bxc6 16.
Qa4 f5 17. cxd5 cxd5 18. e3 e4 19. Rfd1 Rc8 20. Nb5 Bd7 21. Rb1 Rb8 22. dxe4
Qe8 {Carlsen,M (2786)-Mamedyarov,S (2731)/Dresden 2008/1/2-1/2 (33)}) 8. O-O d6
9. Nd2 {Trop lent} (9. e4) (9. Bg5 h6 10. Bxf6 Bxf6 11. Nd2 Bg7 12. Rc1 h5 13.
b4 h4 14. b5 Nd4 15. e3 Ne6 16. Nb3 a6 17. a4 Bh6 18. d4 exd4 19. Nxd4 hxg3 20.
hxg3 Nc5 21. Re1 Bg7 22. Qc2 Bd7 23. Ne4 Ne6 24. Nxe6 Bxe6 25. Nc3 Rb8 {
Johansen,D (2490)-Barus,C (2465)/Bali 1999/1/2-1/2 (62)}) 9... Be6 $11 10. Nd5
Qc8 {[%csl Ra8,Rc8][%cal Gc8b7,Ge6h3,Gc6d8,Gc7c6]} (10... Qd7 $142 {Plus actif
même si Qc8 permet de protéger b7}) 11. Rb1 Ne7 {[%cal Gc7c6]} (11... Nd8 {
[%cal Gc7c6]}) 12. Nxf6+ Bxf6 13. Re1 {Anticipe Bh3} Bg7 14. b4 f5 15. b5 Kh8
16. a4 Rb8 $6 {[%csl Rb8,Rc8]} (16... f4 $5 {Plus naturel après avoir joué Qc8}
17. Ne4 Bh3 $132) 17. Bb2 c5 {[%csl Rd5,Rd6]} 18. e3 Qc7 (18... d5 19. Qb3 (19.
cxd5 Nxd5) 19... dxc4 20. Nxc4 $14 {[%csl Gc4]}) 19. Qb3 $14 {[%csl Gd5]} Ng8
20. Ra1 (20. b6 $5 Qxb6 21. Qxb6 axb6 22. Bc3 b5 (22... Bd7 23. Rxb6 Bxa4 24.
Rxd6) 23. Rxb5 Bd7 24. Rb6 Bxa4 25. Rxd6 (25. Rxb7) (25. Bxb7) 25... b5 26.
cxb5 Bxb5 27. Ra1 $36 (27. Nc4)) 20... Qf7 {La position noire est assez passive
} 21. f4 Rbd8 {Reconnaissant que 16. Rb8 était trop passif} 22. Nf3 Bc8 23. a5
(23. Ng5 $5 {[%cal Gg5f7,Gg2d5]}) 23... h6 {Les Noirs jouent sur deux rangées}
24. Bc3 Re7 25. Qa3 {[%csl Rc5][%cal Gf4e5] Les Blancs continuent de
manoeuvrer mais ils n'ont pas obtenu d'avantage concret} (25. a6 $5 b6 {
[%csl Rb7,Rc6]} 26. fxe5 dxe5 27. Qb2 {[%csl Re5]} e4 28. Ne5 Bxe5 29. Bxe5+
Kh7 30. dxe4 fxe4 31. Rac1 Bf5 32. Bc3 {[%csl Gc3] Avec la paire de B, les
Blancs ont des perspectives d'attaque а l'aile-roi}) 25... exf4 $5 26. exf4
Rde8 27. Rxe7 Rxe7 28. Re1 Rxe1+ {(=)} 29. Nxe1 {Les Blancs n'ont aucune
raison d'accepter la proposition} Bxc3 30. Qxc3+ Qf6 31. Qd2 (31. Qxf6+ $5 Nxf6
32. Nc2 Kg7 33. Ne3 Kf7 34. Nd5 $1 $14 {[%csl Rb7,Rc8,Rf5,Gg2,Rg6] En cas
d'échange des N, le Bc8 n'est pas trés bon}) 31... Kg7 32. Nc2 Qb2 $1 33. Qe2 (
33. d4 {[%cal Gd2d4]} Nf6 34. dxc5 dxc5 35. Qd6 g5 {[%cal Gg7g6]} (35... Qxc2
36. Qe7+) 36. Qe7+ Kg6 37. Ne3 $13) 33... Kf8 34. d4 Nf6 (34... cxd4 $1 35. Qd3
Qc3 $132) 35. dxc5 dxc5 36. Qd3 Ke7 37. Qe3+ Kd6 38. h3 b6 (38... Qxc2 39. Qe5+
) 39. axb6 axb6 40. Qd3+ Ke7 41. Qe3+ Kd6 42. Nb4 $3 {Les Blancs trouvent une
pirouette tactique pour éviter la répétition de position.} Bd7 (42... cxb4 43.
Qxb6+ Ke7 44. Qc5+ Kd8 45. b6 $44 {[%csl Gb6][%cal Gb6b7]}) 43. Nc2 Be6 44.
Qd3+ Ke7 45. Kh2 1/2-1/2

[Event "Morelia/Linares 25th"]
[Site "Morelia/Linares"]
[Date "2008.03.04"]
[Round "12"]
[White "Carlsen, Magnus"]
[Black "Topalov, Veselin"]
[Result "1-0"]
[WhiteElo "2733"]
[BlackElo "2780"]
[Annotator "Marin,M"]
[PlyCount "73"]
[EventDate "2008.02.15"]
[EventType "tourn"]
[EventRounds "14"]
[EventCountry "ESP"]
[EventCategory "21"]
[SourceTitle "CBM 123"]
[Source "ChessBase"]
[SourceDate "2008.04.02"]
[SourceVersion "1"]
[SourceVersionDate "2008.04.02"]
[SourceQuality "1"]

1. c4 e5 2. Nc3 Nf6 3. Nf3 Nc6 4. d3 $5 {This far from popular move has been a
lucky choice for White at the top level recently.} d5 ({The main idea behind
White's previous move is to answer} 4... Bb4 {with} 5. Bd2 {, preventing the
creation of double pawns as frequently happens after 4.g3 Bb4.}) 5. cxd5 Nxd5
6. e4 Nb6 (6... Nf6 {Morozevich,A (2758)-Grischuk,A (2726)/Mexico City MEX
2007/CBM 120/[Marin] (1-0, 42)}) 7. Be2 Be7 8. O-O (8. Be3 {was played in
Spraggett,K (2575)-Lautier,J (2450)/Correze 1989/EXT 97 (0-1, 39) as mentioned
in my notes to the previous game.}) 8... O-O 9. a4 {...a5 is a typical idea in
the Bolseslavsky Sicilian, so why not play a4 here?} Be6 $5 ({Topalov does not
wish to weaken his b5-square. Instead, he ignores the threat of a5, hoping
that the weakness of the b4- and b3-squares will offer him good counterplay.} 
9... a5 {was investigated in the comments to the Morozevich-Grischuk game.})
10. Be3 $146 {technically speaking, this is a novelty, although transpositions
are possible here.} (10. a5 Nd7 11. d4 exd4 12. Nxd4 Nxd4 13. Qxd4 {Now, 13...
c6 is likely to transpose, but Black carelessly allowed the activation of the
enemy queen with} Bf6 $6 14. Qb4 b6 15. Be3 Be7 16. Qb5 $14 {Topel,Z (2085)
-Vasilieva,M (2124)/Chisinau 2005/CBM 106 ext (1-0, 45)}) 10... Nd7 11. d4 {
With reversed colours, this would have been an entirely satisfactory decision,
equalizing completely. Will White's extra tempo offer any chances for an
advantage here? The further course of the game suggests an affirmative answer.}
({However,} 11. a5 {should also be mentioned, when the structure is likely to
suffer radical modifications, leading to very complicated play which is hard
to evaluate.} Nc5 (11... f5 $6 12. exf5 Rxf5 {Ameri,H-Kichinski,R/Livermore
1989/(0-1, 30)} 13. a6 (13. Nd2 $14) 13... b6 14. Nd2 $14 {[%cal Ge2g4] The
dream position of any Sicilian Najdorf player.}) (11... Bc5 $6 12. a6 b6 13.
Qa4 Nb4 14. d4 exd4 15. Nxd4 $14) 12. b4 $5 Nxb4 (12... Nb3 13. Rb1 Nbd4 14. b5
Nxf3+ 15. Bxf3 Nd4 16. Bg4 $14 {Despite the black knight's centralisation,
White's stability on the light squares is likely to tell in the long term.})
13. Nxe5 f6 (13... Nb3 14. Rb1 Nxa5 15. d4 $44 {[%csl Ra5,Rb4,Gd4,Ge4]}) 14.
Rb1 fxe5 15. Rxb4 $13 {The structure is highly assymetrical and the position
remains strategically unbalanced.}) 11... exd4 12. Nxd4 Nxd4 13. Qxd4 c6 14. a5
Nc5 15. Qe5 {Having a strong kingside majority, White rightly avoids the
exchange of queens, retaining chances for an attack.} Nb3 16. Ra4 Bd6 17. Qh5
g6 18. Qh6 {Clouds start gathering around the black king. The strong e5
followed by Rh4 is very strong.} Be5 {[%cal Ge5g7] AIming to expel the enemy
queen as soon as possible from its attacking position.} (18... Nxa5 $2 19. e5
$1 Be7 (19... Bxe5 20. Rh4 $18) 20. Ne4 f6 21. exf6 Bxf6 22. Nxf6+ Rxf6 23. Bg5
$18) (18... Qe7 {parries the threat, but does not relieve the pressure.} 19. h4
(19. e5 Bxe5 20. Rh4 f5) 19... Be5 20. h5 Bg7 21. Qf4 $36) 19. Bg5 $6 {In
combination with the next move, this is hard to understand.} (19. h4 Bg7 20.
Qf4 Qb8 {Now, after having provoked the weakening of Black's kingside, White
can exchange queens already, maintaining the initiative.} 21. Qxb8 Raxb8 22. f4
$36 {[%cal Gh4h5,Gf4f5]}) 19... Qc7 20. Be3 $6 (20. Qh4 $5 {[%cal Gg5f6]})
20... Nxa5 {The logical punishment for the loss of two tempi.} 21. f4 Bg7 22.
Qh4 Bb3 (22... b5 $5 23. Rxa5 (23. Rd4 Nc4) 23... Qxa5 24. f5 Bb3 25. f6 Bh8 {
Black has a huge material advantage, but his bishop is captive on h8. However,
it is not clear how he would generate an effective attack.} 26. Qg5 (26. e5 b4
27. Ne4 Qxe5) (26. Rf3 b4 27. Rh3 h5 28. Bxh5 Qxh5 29. Qf4 Qxh3 30. gxh3 bxc3
31. bxc3 a5 $19) 26... Rad8 27. h4 Qc7 28. h5 Rfe8 {and there seems to be no
danger for Black.}) 23. Rd4 $5 {An interesting psychological trick. Knowing
Topalov's habit of sacrificing the exchange himself, Carlsen probably relied
on the fact that his opponent would not capture on d4. After other moves,
White would just be a pawn down.} Rad8 $6 {After this ultra-cautious move,
White will obtain adequate compensation for his minimal material disadvantage,
in view of the fact that two of Black's minorpieces are far from the kingside.}
(23... Bxd4 $5 24. Bxd4 f5 $1 {It is essential to deprive the bishop of the
stable outpost on f6, although opening the position looks a bit dangerous.} (
24... Qd6 25. Bf6 Rfd8 26. Rf3 $40) 25. exf5 Qd8 $1 26. Qf2 Rxf5 27. Bg4 Rf7 $6
{and it is not easy to continue the attack, for instance} 28. Ne4 Rxf4 $1 29.
Nf6+ Qxf6 $1) 24. e5 $1 $44 Rxd4 25. Bxd4 c5 26. Be3 f6 {Black questions
White's advantage in space at once, but this will lead to an additional
weakening of his kingside.} 27. Nb5 Qd8 28. f5 $5 (28. Bxc5 fxe5 $1) (28. e6 $5
Qe7 (28... Bxe6 29. Bxc5 f5 30. Qf2 Rf7 31. Bxa7 $11 Bxb2 $6 32. Bb6 Qd2 33.
Rd1 Qb4 34. Rb1 $36) 29. f5 gxf5 30. Rf3 $44) 28... fxe5 29. Bg5 {Finally,
this bishop has found an useful job in this game.} Qb6 30. f6 c4+ 31. Kh1 Qxb5
32. fxg7 Rxf1+ 33. Bxf1 {[%csl Rg8][%cal Gg5h6,Gh4e7]} Kxg7 {The safest
continuation, eliminating the dangerous pawn.} (33... Qd5 34. Bh6 Nc6 $8 35.
Be2 Qf7 36. h3 $44 {This looks a bit dangerous for Black, despite his two
extra pawns. In fact, the threat of Bg4 practically forces Black to return one
of the pawns with} c3 37. bxc3 {in order to open the communication between his
own bishop and the kingside, but then White would not risk anything, being
just a pawn down.}) 34. Bd8 Nc6 $4 {An incredible blunder in a position where
it is hard to believe that White should have anything better than a draw by
perpetual.} (34... Qd5 35. Qe7+ Kg8 (35... Kh6 $2 36. Qf8+ Kh5 37. Be2+) 36.
Qe8+ $11) (34... Kg8 35. Qe7 Qd5 $8 $11) 35. Qf6+ Kg8 36. Qe6+ Kf8 37. Bg5 1-0